[Event "San Sebastian op 20th"]
[Site "San Sebastian"]
[Date "2010.10.02"]
[Round "9"]
[White "Garcia Nestar, Daniel"]
[Black "Zubia Aramburu, Mikel"]
[Result "1-0"]
[WhiteElo "1574"]
[BlackElo "1834"]
[PlyCount "96"]
[EventDate "2010.09.24"]
[EventType "swiss"]
[EventRounds "9"]
[EventCountry "ESP"]
[SourceTitle "CBM 138 Extra"]
[Source "ChessBase"]
[SourceDate "2010.10.29"]
[SourceVersion "1"]
[SourceVersionDate "2010.10.29"]
[SourceQuality "1"]

1. d4 d5 2. c4 c6 3. Nc3 Nf6 4. Nf3 e6 5. Bg5 Nbd7 6. e3 Be7 7. Bd3 dxc4 8. Bxc4 b5 9. Bd3 a6 10. 0-0 c5 11. dxc5 Nxc5 12. Bc2 Bb7 13. Qe2 h6 14. Rad1 Qb6 15. Bh4 0-0 16. Rd2 Rfe8 17. Rfd1 Qa5 18. a3 b4 19. axb4 Qxb4 20. Rd4 Qa5 21. b4 Qa3 22. Nb1 Bxf3 23. gxf3 Qa1 24. bxc5 Bxc5 25. Bxf6 gxf6 26. Rg4+ Kf8 27. Qd3 f5 28. Nc3 Red8 29. Rxa1 Rxd3 30. Bxd3 fxg4 31. fxg4 a5 32. Bc2 Rd8 33. Na4 Bb4 34. Nb6 Rd2 35. Be4 Ke7 36. Nc4 Rd8 37. Nxa5 Bxa5 38. Rxa5 Rb8 39. Rh5 Rg8 40. h3 f5 41. Bxf5 exf5 42. Rxf5 Rg6 43. f4 Rb6 44. Kf2 Rb2+ 45. Kg3 Rb6 46. e4 Ke6 47. e5 Rb3+ 48. Kh4 Kd5 1-0

[Event "San Sebastian op 20th"]
[Site "San Sebastian"]
[Date "2010.09.28"]
[Round "5"]
[White "Ladron de Guevara Galar, Francisco Javier"]
[Black "Zubia Aramburu, Mikel"]
[Result "1-0"]
[WhiteElo "2087"]
[BlackElo "1834"]
[PlyCount "99"]
[EventDate "2010.09.24"]
[EventType "swiss"]
[EventRounds "9"]
[EventCountry "ESP"]
[SourceTitle "CBM 138 Extra"]
[Source "ChessBase"]
[SourceDate "2010.10.29"]
[SourceVersion "1"]
[SourceVersionDate "2010.10.29"]
[SourceQuality "1"]

1. d4 d5 2. c4 c6 3. Nc3 Nf6 4. e3 e6 5. Nf3 Be7 6. Bd3 Nbd7 7. 0-0 dxc4 8. Bxc4 b5 9. Be2 a6 10. a3 c5 11. b3 Bb7 12. Bb2 0-0 13. Qd2 Rc8 14. Rac1 Qb6 15. Rfd1 cxd4 16. Nxd4 Rfd8 17. Qe1 Nc5 18. b4 Nce4 19. Bf3 Nxc3 20. Rxc3 Bxf3 21. Nxf3 Nd5 22. Rcc1 Rxc1 23. Rxc1 h6 24. Bd4 Qb7 25. Ne5 Rc8 26. Nd3 a5 27. e4 Nf6 28. f3 Nd7 29. Bb2 axb4 30. axb4 Nb6 31. Nc5 Qc6 32. Qg3 f6 33. Qg4 Bxc5+ 34. Rxc5 Qd7 35. Rxc8+ Qxc8 36. Bxf6 Qc1+ 37. Kf2 Qd2+ 38. Kg3 Qd7 39. Kh3 Nc4 40. e5 Qf7 41. f4 Ne3 42. Qf3 Nf5 43. Bd8 Nd4 44. Qg4 Qd7 45. Bb6 Nf5 46. Qf3 Qe7 47. g4 Qh4+ 48. Kg2 Ne7 49. Bf2 Ng6 50. Qa8+ 1-0

[Event "San Sebastian Nagusia op"]
[Site "San Sebastian"]
[Date "2008.11.15"]
[Round "4"]
[White "Garro Beraza, Julen"]
[Black "Zubia Aramburu, Mikel"]
[Result "1/2-1/2"]
[WhiteElo "1761"]
[BlackElo "1895"]
[PlyCount "105"]
[EventDate "2008.10.25"]
[EventType "swiss"]
[EventRounds "7"]
[EventCountry "ESP"]
[SourceTitle "EXT 2011"]
[Source "ChessBase"]
[SourceDate "2010.11.26"]
[SourceVersion "1"]
[SourceVersionDate "2010.11.26"]
[SourceQuality "1"]

1. e4 c6 2. d4 d5 3. exd5 cxd5 4. Bd3 Nf6 5. c3 Nc6 6. Bf4 Bg4 7. Qb3 Qd7 8. Nd2 e6 9. Ngf3 Bxf3 10. Nxf3 Bd6 11. Bxd6 Qxd6 12. 0-0 0-0 13. Rfe1 Rfc8 14. Ne5 Rc7 15. Re3 Rac8 16. Rae1 a6 17. Rh3 g6 18. Rf3 Ne4 19. Bxe4 dxe4 20. Rxe4 Nxd4 21. Rd3 Qxe5 22. Rdxd4 Qc5 23. Qd1 Qe7 24. Re3 b5 25. Red3 Qc5 26. Qf3 a5 27. a3 Rf8 28. Qd1 Rb7 29. Rd8 Rxd8 30. Rxd8+ Kg7 31. Qd4+ Qxd4 32. Rxd4 e5 33. Rd3 b4 34. cxb4 axb4 35. Rb3 Rd7 36. g3 bxa3 37. Rxa3 Rd1+ 38. Kg2 Rd2 39. Rb3 h5 40. h4 f5 41. Kf1 f4 42. gxf4 exf4 43. Kg2 Kf6 44. Rb5 Rd3 45. b4 Rb3 46. Rb8 Kf5 47. f3 Rb2+ 48. Kg1 Ke5 49. b5 Kd4 50. Re8 Rxb5 51. Re4+ Kd3 52. Rxf4 Ke3 53. Rf6 1/2-1/2

[Event "San Sebastian Nagusia op"]
[Site "San Sebastian"]
[Date "2008.11.08"]
[Round "3"]
[White "Zubia Aramburu, Mikel"]
[Black "Nogues Fernandez, Ramon"]
[Result "1/2-1/2"]
[WhiteElo "1895"]
[BlackElo "1824"]
[PlyCount "66"]
[EventDate "2008.10.25"]
[EventType "swiss"]
[EventRounds "7"]
[EventCountry "ESP"]
[SourceTitle "EXT 2011"]
[Source "ChessBase"]
[SourceDate "2010.11.26"]
[SourceVersion "1"]
[SourceVersionDate "2010.11.26"]
[SourceQuality "1"]

1. c4 Nf6 2. Nc3 e5 3. g3 Bb4 4. Bg2 0-0 5. Nf3 Nc6 6. d3 e4 7. dxe4 Nxe4 8. Qc2 Bxc3+ 9. bxc3 Re8 10. 0-0 b6 11. Nd4 Nxd4 12. cxd4 Bb7 13. d5 Qe7 14. Bf4 d6 15. Rad1 Bc8 16. Rd4 f5 17. f3 Nc5 18. e4 Qf6 19. Rd2 Bd7 20. Be3 Qg6 21. Bxc5 bxc5 22. Bh3 Rf8 23. Re2 Rae8 24. f4 Qh5 25. Bg2 fxe4 26. Bxe4 Bh3 27. Rfe1 Bg4 28. Bxh7+ Kh8 29. Rxe8 Rxe8 30. Rxe8+ Qxe8 31. Bd3 Qe3+ 32. Kg2 Qf3+ 33. Kg1 Qe3+ 1/2-1/2

[Event "San Sebastian op 18th"]
[Site "San Sebastian"]
[Date "2008.09.27"]
[Round "9"]
[White "Darrigues, Alain"]
[Black "Zubia Aramburu, Mikel"]
[Result "1-0"]
[WhiteElo "2012"]
[BlackElo "1901"]
[PlyCount "89"]
[EventDate "2008.09.20"]
[EventType "swiss"]
[EventRounds "9"]
[EventCountry "ESP"]
[SourceTitle "CBM 126 Extra"]
[Source "ChessBase"]
[SourceDate "2008.11.05"]
[SourceVersion "1"]
[SourceVersionDate "2008.11.05"]
[SourceQuality "1"]

1. d4 d5 2. c4 c6 3. Nf3 Nf6 4. Nc3 e6 5. e3 Be7 6. Bd3 Nbd7 7. 0-0 dxc4 8. Bxc4 b5 9. Bd3 a6 10. Re1 c5 11. Bc2 Bb7 12. e4 cxd4 13. Nxd4 0-0 14. e5 Nd5 15. Qd3 g6 16. Nxd5 Bxd5 17. Bh6 Re8 18. Rad1 Bg5 19. Qh3 Rc8 20. Bb3 Nb6 21. Nf3 Be7 22. Qg3 Nc4 23. Re2 Qc7 24. h4 a5 25. h5 Bf8 26. Qf4 Bxf3 27. gxf3 Bxh6 28. Qxh6 Nxe5 29. Kg2 Nc4 30. Rh1 Qd7 31. Bd1 f5 32. b3 Nb6 33. hxg6 Qg7 34. Qxh7+ Qxh7 35. Rxh7 Nd5 36. Kg3 Nf6 37. Rb7 e5 38. Kh4 Rc1 39. Rd2 e4 40. Kg5 Rc6 41. Rxb5 e3 42. fxe3 Rxe3 43. Rxa5 Ne4+ 44. fxe4 fxe4 45. Rd8+ 1-0

[Event "San Sebastian op 18th"]
[Site "San Sebastian"]
[Date "2008.09.23"]
[Round "5"]
[White "Iglesias Gonzalez, Veronica"]
[Black "Zubia Aramburu, Mikel"]
[Result "0-1"]
[WhiteElo "1804"]
[BlackElo "1901"]
[PlyCount "112"]
[EventDate "2008.09.20"]
[EventType "swiss"]
[EventRounds "9"]
[EventCountry "ESP"]
[SourceTitle "CBM 126 Extra"]
[Source "ChessBase"]
[SourceDate "2008.11.05"]
[SourceVersion "1"]
[SourceVersionDate "2008.11.05"]
[SourceQuality "1"]

1. c4 c6 2. Nc3 d5 3. cxd5 cxd5 4. d4 Nf6 5. Bg5 Nc6 6. e3 e6 7. Nf3 Be7 8. Bd3 h6 9. Bh4 Bd7 10. Qb3 0-0 11. Ne5 Na5 12. Qc2 Rc8 13. a3 a6 14. 0-0 Nc4 15. Bxf6 Bxf6 16. Nxd7 Qxd7 17. Rac1 Rc6 18. Qe2 Rfc8 19. Na4 b5 20. Nc5 Rxc5 21. dxc5 Bxb2 22. Bxc4 Bxc1 23. Bxb5 Qxb5 24. Qxb5 axb5 25. Rxc1 Kf8 26. Kf1 Ke7 27. Ke2 Ra8 28. Rc3 Kd7 29. Kd3 Kc6 30. e4 Ra4 31. exd5+ exd5 32. Kd2 Rc4 33. Rg3 Rf4 34. Rxg7 Rxf2+ 35. Ke3 Rf1 36. Rh7 Kxc5 37. Rxh6 d4+ 38. Ke2 Rf5 39. Kd3 Re5 40. Rh3 f5 41. Rf3 f4 42. h4 Kd5 43. Rxf4 Re3+ 44. Kd2 Rxa3 45. Rf5+ Kc4 46. Rg5 Ra2+ 47. Kc1 b4 48. h5 b3 49. h6 d3 50. Rg7 d2+ 51. Kd1 b2 52. Rb7 Kc3 53. Rc7+ Kd3 54. Rd7+ Ke3 55. Re7+ Kf4 56. Rb7 Ra1+ 0-1

[Event "San Sebastian op 18th"]
[Site "San Sebastian"]
[Date "2008.09.22"]
[Round "4"]
[White "Zubia Aramburu, Mikel"]
[Black "Burgana Lardizabal, Jose Angel"]
[Result "1/2-1/2"]
[WhiteElo "1901"]
[BlackElo "1777"]
[PlyCount "37"]
[EventDate "2008.09.20"]
[EventType "swiss"]
[EventRounds "9"]
[EventCountry "ESP"]
[SourceTitle "CBM 126 Extra"]
[Source "ChessBase"]
[SourceDate "2008.11.05"]
[SourceVersion "1"]
[SourceVersionDate "2008.11.05"]
[SourceQuality "1"]

1. c4 e6 2. Nc3 d5 3. cxd5 exd5 4. d4 Nf6 5. g3 c6 6. Bg2 Bd6 7. Bg5 0-0 8. e3 Re8 9. Nge2 Nbd7 10. 0-0 h6 11. Bxf6 Nxf6 12. Rc1 Bf5 13. Qb3 Qd7 14. Rfe1 Rac8 15. Qa4 Bb8 16. b4 a6 17. Qb3 Bh3 18. Bh1 Qf5 19. Qc2 1/2-1/2